| 000 | 00585nam a22002417a 4500 | ||
|---|---|---|---|
| 005 | 20170124110119.0 | ||
| 010 | _a201119 | ||
| 020 | _c00.00 | ||
| 035 | _a201119 | ||
| 037 | _bCen Lib/Ret | ||
| 040 |
_aDPL _bEN |
||
| 082 |
_aN _bMOW |
||
| 100 |
_aMowat, Farley _930308 |
||
| 245 |
_aLost in the barrenns / _cby Farley Mowat |
||
| 260 |
_bMacmillan _aLondon _c1959 |
||
| 270 | _bLondon | ||
| 300 |
_aviii,244p.: _c21cm(Hb) _bill. |
||
| 650 |
_aEnglish literature _930309 |
||
| 650 |
_aNovel _922513 |
||
| 700 | _930276 | ||
| 700 | _930277 | ||
| 942 |
_2ddc _cEN _hN _mMOW |
||
| 999 |
_c130870 _d130870 |
||